DIESEL ENGINES QUESTIONS & ANSWER (Record no. 581426)
[ view plain ]
| 000 -LEADER | |
|---|---|
| fixed length control field | 00281nam a22001217a 4500 |
| 020 ## - INTERNATIONAL STANDARD BOOK NUMBER | |
| International Standard Book Number | 0-600-41254-7 |
| 082 ## - DEWEY DECIMAL CLASSIFICATION NUMBER | |
| Classification number | 629.2506 SEA'D |
| 100 ## - MAIN ENTRY--PERSONAL NAME | |
| Personal name | SEALE, J. N |
| 9 (RLIN) | 74887 |
| 245 ## - TITLE STATEMENT | |
| Title | DIESEL ENGINES QUESTIONS & ANSWER |
| 260 ## - PUBLICATION, DISTRIBUTION, ETC. | |
| Place of publication, distribution, etc. | ENGLAND |
| Name of publisher, distributor, etc. | NEWNES |
| Date of publication, distribution, etc. | 1976 |
| 300 ## - PHYSICAL DESCRIPTION | |
| Extent | 128P |
| 942 ## - ADDED ENTRY ELEMENTS (KOHA) | |
| Koha item type | Book |
| Withdrawn status | Lost status | Damaged status | Not for loan | Permanent Location | Current Location | Shelving location | Date acquired | Total Checkouts | Full call number | Barcode | Date last seen | Price effective from | Koha item type |
|---|---|---|---|---|---|---|---|---|---|---|---|---|---|
| College of Electrical & Mechanical Engineering (CEME) | College of Electrical & Mechanical Engineering (CEME) | General Stacks | 05/25/2017 | 629.2506 SEA'D | CEME-11654 | 06/28/2021 | 06/28/2021 | Book |
